| 000 | 00858cam a2200241 a 4500 | ||
|---|---|---|---|
| 001 | 000005263 | ||
| 005 | 20200929151626.0 | ||
| 008 | 980109s1997 sp a b 001 1 spa | ||
| 020 | _a8437615453 | ||
| 040 |
_aDO-SdBNP _cDLC _dDLC |
||
| 082 |
_a862.62 _bC112e |
||
| 100 | 1 |
_aCabal, Fermín. _915013 |
|
| 245 | 1 | 1 |
_a¡Esta noche, gran velada! : _bKid Peña contra Alarcón, por el título europeo! ; Castillos en el aire / _cFermín Cabal ; edición, Antonio José Domínguez. |
| 260 |
_aMadrid : _bCátedra, _c1997. |
||
| 300 |
_a243 p. : _bil. ; _c18 cm. |
||
| 440 | 0 |
_aLetras hispánicas ; _v428 _94208 |
|
| 504 | _aIncluye referencias bibliográficas (p. 69-79). | ||
| 650 | 4 |
_aTeatro español _93071 |
|
| 650 | 4 |
_aLiteratura española _9632 |
|
| 700 | 1 |
_aDomínguez, Antonío José, _eed. _915014 |
|
| 910 | _aCatalogación por copia / LC | ||
| 910 | _aWM | ||
| 999 |
_c5064 _d5064 |
||